Industrial engineering / (Record no. 12249)
[ view plain ]
| 000 -LEADER | |
|---|---|
| fixed length control field | 01600cas a2200349 a 4500 |
| 001 - CONTROL NUMBER | |
| control field | 11257735 |
| 005 - DATE AND TIME OF LATEST TRANSACTION | |
| control field | 20060106050336.0 |
| 007 - PHYSICAL DESCRIPTION FIXED FIELD--GENERAL INFORMATION | |
| fixed length control field | cr unu |
| 008 - FIXED-LENGTH DATA ELEMENTS--GENERAL INFORMATION | |
| fixed length control field | 780316c19769999nyuqrzp 0 a0eng d |
| 010 ## - LIBRARY OF CONGRESS CONTROL NUMBER | |
| LC control number | 82640032 |
| Canceled/invalid LC control number | sc 78000742 |
| 022 ## - INTERNATIONAL STANDARD SERIAL NUMBER | |
| International Standard Serial Number | 8122420591 |
| 030 ## - CODEN DESIGNATION | |
| CODEN | CINDDL |
| 032 ## - POSTAL REGISTRATION NUMBER | |
| Postal registration number | 008428 |
| Source (agency assigning number) | USPS |
| 035 ## - SYSTEM CONTROL NUMBER | |
| System control number | (OCoLC)ocm03722153 |
| 037 ## - | |
| -- | Subscriptions Fulfillment Manager, Pergamon Press, Headington Hill Hall, Oxford OX3 0BW, England |
| 040 ## - CATALOGING SOURCE | |
| Original cataloging agency | NSDP |
| Transcribing agency | NSDP |
| Modifying agency | DLC |
| -- | NSDP |
| -- | DLC |
| -- | NST |
| -- | DLC |
| -- | NST |
| -- | AIP |
| -- | NST |
| -- | InU |
| -- | NST |
| -- | NSDP |
| -- | NST |
| -- | NSDP |
| -- | NST |
| -- | NSDP |
| -- | CU-S |
| -- | OCoLC |
| -- | CU-S |
| -- | OCoLC |
| -- | NSDP |
| -- | GU |
| -- | OCoLC |
| 042 ## - AUTHENTICATION CODE | |
| Authentication code | nsdp |
| -- | lc |
| 050 00 - LIBRARY OF CONGRESS CALL NUMBER | |
| Classification number | T57.5 |
| Item number | .C637 |
| 082 0# - DEWEY DECIMAL CLASSIFICATION NUMBER | |
| Classification number | 658.50028 |
| Edition number | 20 |
| Item number | KHA |
| 245 00 - TITLE STATEMENT | |
| Title | Industrial engineering / |
| Statement of responsibility, etc | M.I. Khan. |
| 246 3# - VARYING FORM OF TITLE | |
| Title proper/short title | Computers and industrial engineering |
| 260 ## - PUBLICATION, DISTRIBUTION, ETC. (IMPRINT) | |
| Place of publication, distribution, etc | New Delhi : |
| Name of publisher, distributor, etc | New Age International Publishers, |
| Date of publication, distribution, etc | C.2008. |
| 300 ## - PHYSICAL DESCRIPTION | |
| Extent | 320 p |
| Other physical details | ill. ; |
| Dimensions | 23 cm. |
| 500 ## - GENERAL NOTE | |
| General note | Includes Index. |
| 590 ## - LOCAL NOTE (RLIN) | |
| Local note | SERBIB/SERLOC merged record |
| 650 #0 - SUBJECT ADDED ENTRY--TOPICAL TERM | |
| Topical term or geographic name as entry element | Industrial engineering |
| General subdivision | Data processing |
| Form subdivision | Periodicals. |
| 9 (RLIN) | 7746 |
| 776 1# - ADDITIONAL PHYSICAL FORM ENTRY | |
| Title | Computers & industrial engineering (Online) |
| Record control number | (DLC) 2005233279 |
| -- | (OCoLC)38840834 |
| 942 ## - ADDED ENTRY ELEMENTS (KOHA) | |
| Source of classification or shelving scheme | Dewey Decimal Classification |
| Item type | Book - Borrowing |
| Withdrawn status | Item status | Source of classification or shelving scheme | Damaged status | Not for loan | Vendor | Home library | Current library | Shelving location | Date acquired | Source of acquisition | Cost, normal purchase price | Serial Enumeration / chronology | Total Checkouts | Total Renewals | Full call number | Barcode | Date last seen | Date last borrowed | Koha item type |
|---|---|---|---|---|---|---|---|---|---|---|---|---|---|---|---|---|---|---|---|
| Dewey Decimal Classification | Alahram | Central Library | Central Library | First floor | 08/07/2009 | 60.00 | 354 | 2 | 13 | 658.50028 KHA | 000017115 | 15/07/2025 | 23/11/2013 | Book - Borrowing |